000 00987ngm a22002770a 4500
001 PT19505
003 AR-LpoUNG
005 20210202000309.0
007 vd cvaizq
008 191001s1938||||ru |||||||||||||||||rus d
037 _c$8,30
040 _aAR-LpoUNG
_bspa
_cAR-LpoUNG
_eaacr
041 _arus
044 _aru
082 0 _a947.03 36ale
100 1 _aEisenstein, Sergei
_edir.
245 1 0 _aAlexander Nevsky
260 _as.l. :
_bs.n.,
_c1938.
300 _aVHS (111 min.) : son., col.
505 0 _aGuión: Sergei Eisenstein, Piotr Pavienko; fotografía: Edouard Tisse; música: Serguei Prokoviev.
520 _aEnérgico mensaje anti alemán y nacionalista del gobierno soviético, realizado por uno de los más notables directores de la historia del cine, sobre la derrota infligida por un príncipe ruso a los invasores Caballeros Teutónicos en el siglo XIII.
653 _aCINE Y TOTALITARISMO
653 _aVIDEOS
905 _a19505
942 _cVIDEO
999 _c54542
_d54542